| 000 | 00614nam a22002057a 4500 | ||
|---|---|---|---|
| 003 | Ost | ||
| 005 | 20250902112828.0 | ||
| 008 | 250902b |||||||| |||| 00| 0 eng d | ||
| 020 | _a9783031577765 | ||
| 040 | _cBT-PhCST | ||
| 050 | _a25542-25543 | ||
| 082 |
_222 _a333.91 _bGHU |
||
| 100 | _aGhute, Bhawan B. | ||
| 245 |
_aGeospatial technologies for integrated water resources management : _bmapping, modelling, and decision-making / |
||
| 260 |
_aSwitzerland : _bSpringer, _cc2024. |
||
| 300 |
_axxii, 294 p. : _bill. ; _c26 cm. |
||
| 500 | _aIncludes index. | ||
| 700 | _aDiwate, Pranaya. | ||
| 942 |
_2ddc _cWRE |
||
| 999 |
_c10094 _d10094 |
||